<?xml version="1.0" encoding="UTF-8"?>
<collection xmlns="http://www.loc.gov/MARC21/slim">
    <record>
        <controlfield tag="001">15955</controlfield>
        <controlfield tag="005">20150325205534.0</controlfield>
        <datafield tag="037" ind1=" " ind2=" ">
            <subfield code="a">TAZ-PFC-2014-384</subfield>
        </datafield>
        <datafield tag="041" ind1=" " ind2=" ">
            <subfield code="a">spa</subfield>
        </datafield>
        <datafield tag="100" ind1="1" ind2=" ">
            <subfield code="a">Bernués Bergua, Luis</subfield>
        </datafield>
        <datafield tag="245" ind1="0" ind2="0">
            <subfield code="a">Simulación del control de un exoesqueleto para la rehabilitación de miembro superior y/o inferior</subfield>
        </datafield>
        <datafield tag="260" ind1=" " ind2=" ">
            <subfield code="a">Zaragoza</subfield>
            <subfield code="b">Universidad de Zaragoza</subfield>
            <subfield code="c">2014</subfield>
        </datafield>
        <datafield tag="506" ind1=" " ind2=" ">
            <subfield code="a">by-nc-sa</subfield>
            <subfield code="b">Creative Commons</subfield>
            <subfield code="c">3.0</subfield>
            <subfield code="u">http://creativecommons.org/licenses/by-nc-sa/3.0/</subfield>
        </datafield>
        <datafield tag="520" ind1=" " ind2=" ">
            <subfield code="a">El objetivo general que se pretende es el desarrollo de algoritmos de control para terapias de rehabilitación asistidas mediante exoesqueletos, destinadas fundamentalmente a sujetos que hayan sufrido algún trastorno cerebrovascular o una lesión medular. Para ello, se han implementado modelos que representan al humano, al robot que asiste en la terapia, y a una combinación de ambos (sistema humano-robot), que describe la interacción de ambos actuando conjuntamente cuando el robot está acoplado al humano. Para todos los casos se han generado modelos de miembro inferior y superior. Los esquemas de control generados se fundamentan, o bien bajo el paradigma Assist-as-needed, o definiendo un porcentaje de asistencia de manera que el paciente se esfuerce por encima de sus capacidades motoras residuales y se promueva el aprendizaje motor de los músculos afectados. Las herramientas que se han utilizado para el desarrollo de estos modelos están contenidas dentro del software Matlab/Simulink.</subfield>
        </datafield>
        <datafield tag="521" ind1=" " ind2=" ">
            <subfield code="a">Ingeniero Industrial</subfield>
        </datafield>
        <datafield tag="540" ind1=" " ind2=" ">
            <subfield code="a">Derechos regulados por licencia Creative Commons</subfield>
        </datafield>
        <datafield tag="653" ind1="1" ind2=" ">
            <subfield code="a">robótica</subfield>
        </datafield>
        <datafield tag="653" ind1="1" ind2=" ">
            <subfield code="a">exoesqueleto</subfield>
        </datafield>
        <datafield tag="653" ind1="1" ind2=" ">
            <subfield code="a">rehabilitación</subfield>
        </datafield>
        <datafield tag="700" ind1=" " ind2=" ">
            <subfield code="a">Ruiz Bueno, Diana</subfield>
            <subfield code="e">dir.</subfield>
        </datafield>
        <datafield tag="710" ind1="2" ind2=" ">
            <subfield code="a">Universidad de Zaragoza</subfield>
            <subfield code="b">Informática e Ingeniería de Sistemas</subfield>
            <subfield code="c">Ingeniería de Sistemas y Automática</subfield>
        </datafield>
        <datafield tag="720" ind1="2" ind2=" ">
            <subfield code="a">Montano Gella, Luis</subfield>
            <subfield code="e">ponente</subfield>
        </datafield>
        <datafield tag="856" ind1="0" ind2=" ">
            <subfield code="f">574262@celes.unizar.es</subfield>
        </datafield>
        <datafield tag="856" ind1="4" ind2=" ">
            <subfield code="s">1263164</subfield>
            <subfield code="u">http://zaguan.unizar.es/record/15955/files/TAZ-PFC-2014-384_ANE.pdf</subfield>
            <subfield code="y">Anexos (spa)</subfield>
        </datafield>
        <datafield tag="856" ind1="4" ind2=" ">
            <subfield code="s">2372505</subfield>
            <subfield code="u">http://zaguan.unizar.es/record/15955/files/TAZ-PFC-2014-384.pdf</subfield>
            <subfield code="y">Memoria (spa)</subfield>
        </datafield>
        <datafield tag="909" ind1="C" ind2="O">
            <subfield code="o">oai:zaguan.unizar.es:15955</subfield>
            <subfield code="p">proyectos-fin-carrera</subfield>
            <subfield code="p">driver</subfield>
        </datafield>
        <datafield tag="950" ind1=" " ind2=" ">
            <subfield code="a"></subfield>
        </datafield>
        <datafield tag="980" ind1=" " ind2=" ">
            <subfield code="a">TAZ</subfield>
            <subfield code="b">PFC</subfield>
            <subfield code="c">EINA</subfield>
        </datafield>
    </record>

    
</collection>